Регионална библиотека "Любен Каравелов" - Русе

Спрете полета на сокола (Запис номер 108686)

MARC детайли
000 -Лидер
Контролно поле с фиксирана дължина 01596nam a2200313 c 4500
003 - Код на организацията, давaща контролен номер
Контролно поле BLK
005 - Дата и час на последна редакция
Контролно поле 20240812084211.0
008 - Елементи от данни с фиксирана дължина
fixed length control field 180409b bul|||||r ||||||| ||bul||
010 ## - Наследен системен номер
LC control number KNG00113995000
020 ## - Международен стандартен номер на книга ISBN
Международен стандартен номер на книга ISBN 954-9761-66-5
-- издат.: Световит
040 ## - Източник на каталожния запис
Идентификатор на билиотеката - собственик на записа BLK
041 ## - Код за език
Код за езика на текст/звукозапис или на отделно заглавие Български
Код за езика КДБФ Български
080 ## - УДК
Текстов определител УДК Българска литература
УДК код - определител по УДК 821.163.2
УДК определител -31
УДК - код + определител 821.163.2-31
100 1# - Редна дума - Автор
Автор Калчев, Христо Константинов
Авторска отговорност първи автор
R(LIN) 370209
139 ## - Редно поле
Редна дума Калчев, Христо Константинов
Авторски знак Калч - К 20
245 10 - Сведения за заглавието
Заглавие Спрете полета на сокола
Подзаглавни данни Вулгарен роман
Редно поле (дума) Христо Константинов Калчев.
257 ## - Страна на издаване
Страна на създаване/издаване България
260 ## - Област на издателските данни
-- София
Име на издателя, разпространителя и проч. Световит
Година на издаване 2004
Печатница Враца : Полипринт
300 ## - Физическа характеристика
Страници 148 с.
Размери/Мащаб 20 см
380 ## - Жанр
Жанр Худож. лит.
500 ## - Общи забележки
Забележка Офс. изд. Романът е продълж. на Нерон вълкът ; Калигула бесният ; Цикълът на Месалина ; Ликвидирайте генерала ; Оратория за козел и ангорска котка ; Кървавият път на коприната ; Последно причастие ; Сънят на уморения лъв ; Откриване на ловния сезон ; Синдромът на глутницата.
653 ## - Ключова дума – ненормативна
Ключова дума романи
852 ## - Местоположение
Форматна сигнатура Цб 220257
856 4# - Електронен адрес и достъп
Електронен формат pdf - файл
Път до файла /url/
856 4# - Електронен адрес и достъп
Електронен формат pdf - файл
Път до файла /url/
942 ## - АРТИКУЛИ
Вид на библиотечния материал Книги
Скрит в OPAC Не
Koha issues (borrowed), all copies 7
944 ## - СЪЗДАВАНЕ И РЕДАКЦИЯ на ЗАПИСА
Създаване/Редакция Създаване
Дата на регистрацията/редакция 08.07.2004
Служител, извършил регистрацията/редакцията 30575
Статус, дата на статуса Мартин Енчев
944 ## - СЪЗДАВАНЕ И РЕДАКЦИЯ на ЗАПИСА
Създаване/Редакция Редакция
Дата на регистрацията/редакция 14.08.2006
Служител, извършил регистрацията/редакцията
999 ## - СИСТЕМНИ КОНТРОЛНИ НОМЕРА
Koha biblionumber 108686
Koha biblioitemnumber 108686
Наличности
Код за отписване Код за изгубен артикул Източник на класификационната схема Код за повреда Коз за рестрикции Код за отдаване Артикулен № Име на библиотеката - собственик Име на библиотеката, в която се намира в момента Статус (Текущо местоположение) Дата на вписване в системата Местоположение - отдел Цена в лева Инвентарен номер Систематично азбучна сигнатура Баркод Номер на екземпляра Цена в евро Служебна бележка Служебен тип на артикула
  Не е изгубен Universal Decimal Classification Не е повреден без рестрикции заемане за дома 175172 Регионална библиотека "Любен Каравелов" Русе Регионална библиотека "Любен Каравелов" Русе Заемна - подръчен фонд 2004-07-08 Заемна - подръчен фонд 5.50 120000686801 821.163.2-31/К 20 120000686801 1 2.81 Дост: Pk Вид: Ф N: 8878 Дата: 08.07.2004 Дата инв: 13.02.2018 Бележки инв: П2018 Книги
Изтеглен Не е изгубен Universal Decimal Classification Не е повреден без рестрикции заемане за дома 175173 Регионална библиотека "Любен Каравелов" Русе Регионална библиотека "Любен Каравелов" Русе Заемна - подръчен фонд 2004-07-08 Заемна - подръчен фонд 5.50 120000686802 П 886.7-31/К 20 120000686802 2 2.81 Дост: Pk Вид: Ф N: 8878 Дата: 08.07.2004 Книги
  Не е изгубен   Не е повреден без рестрикции ползва се в читалня 175174 Регионална библиотека "Любен Каравелов" Русе Регионална библиотека "Любен Каравелов" Русе Хранилище 2006-08-09 Хранилище 5.50 120000704488 Цб 220257 120000704488 3 2.81 Дост: Dp Вид: Д N: 33 Дата: 03.08.2005 Книги
Vip Innovations Ltd, Rousse, Bulgaria 2025